| 000 | 00749cam a22002413a 4500 | ||
|---|---|---|---|
| 001 | 31157 | ||
| 003 | PGUSA | ||
| 005 | 20140828083656.0 | ||
| 008 | 100202s2010||||xxu|||||s|||||000 | eng d | ||
| 040 |
_aPGUSA _beng |
||
| 042 | _adc | ||
| 050 | 4 | _aBV | |
| 100 | 1 |
_aBrownlie, John, _d1857-1925 |
|
| 245 | 1 | 0 |
_aHymns from the Greek Office Books : _bTogether with Centos and Suggestions _h[electronic resource] / _cJohn Brownlie |
| 260 |
_bProject Gutenberg, _c2010 |
||
| 506 | _aPublic domain in the USA. | ||
| 516 | _aElectronic text | ||
| 653 | _aHymns, Greek -- Translations into English | ||
| 653 | _aOrthodox Eastern Church -- Hymns | ||
| 830 | 0 |
_aProject Gutenberg _v31157 |
|
| 856 | 4 | 0 | _uhttp://www.gutenberg.org/ebooks/31157 |
| 942 | _cEB | ||
| 999 |
_c260412 _d260412 |
||